00386nam a22001337a 450000500170000000800410001704100230005808200130008110000230009424500390011726000380015630000330019465000250022720240823095214.0240823b |||||||| |||| 00| 0 eng d aEnglish/Afrikaans  a349 LAW  lEnglish/Afrikaans  aThe Laws of South West Africa 1980 aWindhoek: bBy Authority, c1980  bxxxviii, 77 pages; c25 cm.  aLegal practice bLaw